000 00580nam a2200217 a 4500
001 BRL_79
005 20190320210558.0
008 831206s1946 mx-a######---#000-0#spa-#
041 _aspa
044 _amx
050 4 _aF1215
_b.O58 1946
100 1 _aOntañón, Eduardo de
_d1904-
_922848
245 1 0 _aManual de México
_cEduardo de Ontañón.
260 _aMéxico
_bEdiciones Xochitl
_c1946
300 _a201 p.
_bil.
_c24 cm.
500 _aEstado fisico: camisa rota
500 _aAu130
651 4 _aMéxico
_xDescripción y viajes
_9103
902 _aGRL
942 _2lcc
_cB
999 _c8892
_d8892